| 000 | 01173nam a22003617a 4500 | ||
|---|---|---|---|
| 003 | CHAP | ||
| 005 | 20220329140926.0 | ||
| 008 | 971013s1994 enk r 00010 eng d | ||
| 010 | _a59910 | ||
| 011 | _a60882 | ||
| 035 | _a65045 | ||
| 040 | _cCHAP | ||
| 082 | 0 | 4 |
_a632.96 _bW3 |
| 100 | 0 | 0 |
_aWajnberg, E. _eed. _9120820 |
| 245 | 1 | _aBiological control with egg parasitoids | |
| 260 |
_aOxon : _bCAB International, _c1994 |
||
| 300 | _a286 p. | ||
| 590 |
_aBATCH-UPD _b10 _c20130109 _lUCH01 _h2318 |
||
| 590 |
_aBATCH-UPD _b10 _c20130110 _lUCH01 _h0123 |
||
| 590 |
_aBATCH-UPD _b10 _c20130110 _lUCH01 _h1542 |
||
| 590 |
_aBATCH-UPD _b10 _c20130409 _lUCH01 _h1840 |
||
| 590 |
_aBATCH-UPD _b10 _c20130410 _lUCH01 _h0944 |
||
| 590 |
_aBATCH-UPD _b10 _c20130914 _lUCH01 _h1045 |
||
| 590 |
_aCONVERSION _b10 _c20130109 _lUCH01 _h1332 |
||
| 650 | 1 | 4 |
_aControl biológico de insectos. _927582 |
| 650 | 1 | 4 |
_aInteracción huésped-parásito. _959512 |
| 650 | 1 | 4 |
_aParasitismo. _985465 |
| 650 | 1 | 4 |
_aTrichogramma. _9114927 |
| 700 | 0 |
_aHassan, S. A. _eed. _953043 |
|
| 901 | _aBK | ||
| 942 | _cLIBRO | ||
| 949 |
_a632.96 W3 _bBC _cLIBRO _d33724000084554 _eLIBRO _gI.181682 _h90350 _i65045 _si _t730.00 |
||
| 999 |
_c59910 _d59910 |
||